[Event "36th Olympiad"]
[Site "Calvia ESP"]
[Date "2004.10.20"]
[Round "6"]
[White "Ibarra Jerez,JC"]
[Black "Grigore,Ge"]
[Result "1-0"]
[WhiteElo "2423"]
[BlackElo "2491"]

1.e4 c5 2.Nc3 Nc6 3.Nge2 e5 4.Nd5 b5 5.a4 b4 6.Ng3 Nf6 7.Bc4 Na5 8.d3 Nxd5
9.Bxd5 Bb7 10.Bxb7 Nxb7 11.h4 h5 12.Nf5 Nd6 13.Ne3 a5 14.b3 Nc8 15.Bb2 d6
16.Qe2 g6 17.f4 Bg7 18.O-O-O Kf8 19.Rdf1 Nb6 20.Qf3 Ra7 21.fxe5 dxe5 22.Kb1 Kg8
23.g4 hxg4 24.Qxg4 Qd7 25.Qg3 Rh5 26.Rhg1 Qe6 27.Rf5 Rh7 28.Bxe5 gxf5 29.Bxg7 f4
30.Qg5 f6 31.Bxf6+ Kf8 32.Qxf4 Raf7 33.Qb8+ Nc8 34.Nd5 Rb7 35.Qf4 Rbf7 36.Qg5 Rb7
37.Nf4 Qf7 38.Qxc5+  1-0

[Event "36th Olympiad"]
[Site "Calvia ESP"]
[Date "2004.10.22"]
[Round "7"]
[White "Faulks,N"]
[Black "Ayyoubi,S"]
[Result "1/2-1/2"]
[WhiteElo "2056"]
[BlackElo "2200"]

1.e4 c5 2.Nc3 Nc6 3.Nf3 d6 4.d4 cxd4 5.Nxd4 Nxd4 6.Qxd4 e5 7.Qd3 a6 8.Be3 Nf6
9.f3 h6 10.O-O-O Be7 11.Kb1 O-O 12.g4 Be6 13.h4 Ne8 14.Qd2 Kh7 15.Bh3 Qa5
16.g5 h5 17.Nd5 Qxd2 18.Rxd2 Bxd5 19.Rxd5 Nc7 20.Rd2 Ne6 21.Rg1 g6 22.Rf1 Rad8
23.f4 exf4 24.Bxf4 Kg8 25.Be3 Nc5 26.Bg2 b5 27.Bd4 Ne6 28.Bc3 Rfe8 29.Ba5 Rc8
30.Bb4 Nc5 31.Re1 Bf8 32.a3 Rc7 33.Rd5 Re5 34.Bxc5 Rxc5 35.Rxc5 dxc5 36.Bh3 c4
37.Bc8 a5 38.Bb7 Bc5 39.Rf1 b4 40.axb4 axb4 41.Bd5 Re7 42.Bxc4 Bd6 43.Rf3 Kg7
44.Bd5 Bc5 45.Rb3 Bd6 46.Kc1 Ra7 47.c3 Rc7 48.Kd2 bxc3+ 49.bxc3 Bg3 50.Rb5 Bxh4
51.Bb3 Bg3 52.Ra5 h4 53.Ra1 Rxc3 54.Kxc3 Be5+ 55.Kd3 Bxa1 56.Ke3 Be5 57.Bd1 Kf8
58.Bf3 Ke7 59.Bg2 Ke6 60.Kf3 Bg3 61.Kg4 Ke5 62.Bf3 Be1 63.Bd1 Ke6 64.Bb3+ Ke7
65.Bc4 f6 66.gxf6+ Kxf6 67.e5+ Kxe5 68.Kg5 h3 69.Bf1 h2 70.Bg2  1/2-1/2

[Event "36th Olympiad w"]
[Site "Calvia ESP"]
[Date "2004.10.22"]
[Round "7"]
[White "Kovalevskaya,E"]
[Black "Voiska,M"]
[Result "0-1"]
[WhiteElo "2471"]
[BlackElo "2380"]

1.e4 c5 2.Nc3 Nc6 3.Nf3 Nf6 4.Bb5 Qc7 5.O-O a6 6.Bxc6 dxc6 7.e5 Nd5 8.Ne4 Bg4
9.Nxc5 e6 10.Nd3 c5 11.b3 Rd8 12.Bb2 b5 13.c4 Nb6 14.Nde1 Qc6 15.Rc1 bxc4
16.bxc4 Be7 17.Qe2 O-O 18.h3 Bh5 19.d4 Rfe8 20.dxc5 Bxc5 21.Nd3 Bxf3 22.gxf3 Bd4
23.Qe4 Qxe4 24.fxe4 Bxb2 25.Nxb2 Rd2 26.Rb1 Nd7 27.Rfd1 Nxe5 28.Kg2 Rxd1
29.Rxd1 g5 30.c5 Rb8 31.Rd2 Rb5 32.Rc2 Nc6 33.Nd3 Kg7 34.Rb2 Rxb2 35.Nxb2 f5
36.exf5 exf5 37.f4 h6 38.Nc4 Kf6 39.Kf2 Ke6 40.Kf3 Nd4+ 41.Ke3 Nc2+ 42.Kf3 Kd5
43.Ne5 Nd4+ 44.Ke3 Ne6 45.Nf7 gxf4+ 46.Kf2 h5 47.Nd6 Nxc5 48.Nxf5 Ke4 49.Nd6+ Ke5
50.Nc4+ Kd5 51.Nb6+ Ke4 52.a3 Nd3+ 53.Kf1 f3 54.Nc4 Kf4 55.h4 Ne5 56.Nd6 Ng4
57.a4 Ne3+ 58.Kf2 Ng4+ 59.Kf1 a5 60.Kg1 Nf6 61.Nc4 Ne4 62.Kh2 Nc3 63.Nxa5 Ke3
64.Nb3 Nxa4 65.Kg1 Nc3 66.Kf1  0-1

[Event "36th Olympiad"]
[Site "Calvia ESP"]
[Date "2004.10.22"]
[Round "7"]
[White "Gashimov,V"]
[Black "Illescas Cordoba,M"]
[Result "0-1"]
[WhiteElo "2586"]
[BlackElo "2626"]

1.e4 c5 2.Nf3 Nc6 3.Nc3 Nf6 4.Bb5 Qc7 5.O-O Nd4 6.Re1 a6 7.Bf1 e5 8.h3 d6
9.Nh2 Be7 10.a4 Be6 11.Ng4 Nxg4 12.hxg4 Qd7 13.Nd5 Bxg4 14.f3 Be6 15.c3 Nc6
16.Nb6 Qd8 17.Nxa8 Bh4 18.g3 Bxg3 19.Re2 h5 20.b4 Qxa8 21.Rb1 O-O 22.bxc5 dxc5
23.d3 Rd8 24.Be3 c4 25.d4 exd4 26.cxd4 Qc8 27.d5 Ne5 28.Rg2 h4 29.Bb6 Bh3
30.Rxg3 hxg3 31.f4 Rd6 32.Bd4 Bxf1 33.Qxf1 g2 34.Qd1 Rh6 35.Kf2 Nd3+ 36.Ke2 Nxf4+
37.Kd2 Rh3 38.Kc2 Qe8  0-1

[Event "36th Olympiad"]
[Site "Calvia ESP"]
[Date "2004.10.22"]
[Round "7"]
[White "Roselli Mailhe,B"]
[Black "Kyriakidis,T"]
[Result "1-0"]
[WhiteElo "2405"]
[BlackElo "2157"]

1.e4 c5 2.Nc3 Nc6 3.Nge2 g6 4.d4 cxd4 5.Nxd4 Bg7 6.Nb3 d6 7.g4 Nf6 8.g5 Nd7
9.h4 h5 10.gxh6 Bxh6 11.Bxh6 Rxh6 12.Qd2 Rh8 13.O-O-O Nf6 14.Nd5 Nh5 15.Bb5 a6
16.Qc3 Rh7 17.Bxc6+ bxc6 18.Qxc6+ Bd7 19.Nc7+  1-0

[Event "Essent Open"]
[Site "Hoogeveen NED"]
[Date "2004.10.22"]
[Round "8"]
[White "Pel,B"]
[Black "Hoeksema,E"]
[Result "0-1"]
[WhiteElo "2312"]
[BlackElo "2391"]

1.e4 c5 2.Nc3 Nc6 3.Nf3 Nf6 4.g3 e6 5.Bg2 d5 6.d3 Be7 7.O-O d4 8.Ne2 e5 9.Nd2 Nh5
10.Nxd4 Nxd4 11.c3 g6 12.cxd4 exd4 13.f4 Ng7 14.Nf3 Be6 15.Qe2 O-O 16.b3 Re8
17.Qf2 a5 18.Kh1 f5 19.Rb1 Bf6 20.Bd2 Qd7 21.Rfc1 Rec8 22.Be1 Ra7 23.Rc2 b6
24.Nd2 Qd8 25.Qf3 Rd7 26.h3 h5 27.Nc4 Ra7 28.a4 Rd7 29.Bf2 fxe4 30.dxe4 d3
31.Rd2 Bc3 32.Rdd1 Bxc4 33.bxc4 Bb4 34.Rb3 d2 35.g4 Qe7 36.e5 Qe6 37.Qe2 Rcd8
38.Bh4 Rf8 39.Bg5 Rd4 40.Re3 Rxc4 41.Rd3 Rd4 42.Rxd4 cxd4 43.Qb5 Kh7 44.Bd5 Qc8
45.f5 Nxf5 46.Qxb6 hxg4 47.Qa7+ Kh8 48.Bf6+ Rxf6 49.exf6 Qf8 50.f7 gxh3 51.Qb6 Kh7
52.Rg1 Ng3+ 53.Kh2 Bd6 54.Kxh3 Ne2 55.Rh1 d1=Q 56.Rxd1 Qh6+ 57.Kg2 Nf4+ 58.Kf3 Qh3+
59.Kf2 Qe3+ 60.Kf1 Qe2+ 61.Kg1 Nh3+ 62.Kh1 Qh2+  0-1

[Event "36th Olympiad"]
[Site "Calvia ESP"]
[Date "2004.10.23"]
[Round "8"]
[White "Mitkov,N"]
[Black "Zambrana,O"]
[Result "1-0"]
[WhiteElo "2539"]
[BlackElo "2473"]

1.e4 c5 2.Nc3 Nc6 3.Bb5 Nd4 4.Bc4 g6 5.Nge2 Bg7 6.O-O a6 7.Nxd4 cxd4 8.Ne2 Nf6
9.d3 d5 10.exd5 Nxd5 11.Nf4 Nxf4 12.Bxf4 O-O 13.Qf3 Qb6 14.Bg5 e6 15.a4 Bd7
16.Qg3 e5 17.a5 Qc5 18.b3 Qc7 19.f4 e4 20.dxe4 Bb5 21.Bd3 Rac8 22.Qh3 f5
23.e5 Qd7 24.Bxb5 axb5 25.Qd3 Rc3 26.Qd2 Rfc8 27.Rac1 Kf7 28.Rfd1 Bf8 29.Kh1 Ba3
30.Rb1 Rxc2 31.Qxd4 Qxd4 32.Rxd4 Re2 33.Rd7+ Ke6 34.Rxb7 Bc1 35.Re7+ Kd5
36.Rd7+ Ke4 37.Rd1 Bxf4 38.Re1 Rc2 39.a6 Be3 40.Rxe2 Rxe2 41.Bxe3  1-0

[Event "36th Olympiad w"]
[Site "Calvia ESP"]
[Date "2004.10.24"]
[Round "9"]
[White "Hagarova,Z"]
[Black "Zigangirova,S"]
[Result "1-0"]
[WhiteElo "2351"]
[BlackElo "2330"]

1.e4 c5 2.Nf3 Nc6 3.Nc3 g6 4.d4 cxd4 5.Nxd4 Bg7 6.Be3 Nf6 7.Bc4 O-O 8.Bb3 a5
9.f3 d5 10.Bxd5 Nxd5 11.Nxd5 f5 12.Nxc6 bxc6 13.Nb6 Rb8 14.Qxd8 Rxd8 15.Rd1 Rxd1+
16.Kxd1 Bxb2 17.Nxc8 Rxc8 18.exf5 gxf5 19.Ke2 Be5 20.f4 Bd6 21.Rb1 Rb8 22.Rxb8+ Bxb8
23.Kd3 Kf7 24.Kc4 Ke6 25.g3 Bc7 26.Kc5 Kd7 27.a4 Bd8 28.Bd2 e6 29.Bc3 Bc7
30.Bf6 h6 31.Bg7 h5 32.Bf6 Bd6+ 33.Kb6 Bb4 34.c3 Ba3 35.Kxa5 Kd6 36.Ka6  1-0

[Event "36th Olympiad"]
[Site "Calvia ESP"]
[Date "2004.10.24"]
[Round "9"]
[White "Ferster,F"]
[Black "Chahrani,I"]
[Result "0-1"]
[WhiteElo "2025"]
[BlackElo "2273"]

1.e4 c5 2.Nc3 Nc6 3.Nf3 Nf6 4.Bb5 a6 5.Bxc6 dxc6 6.h3 g6 7.O-O Bg7 8.d3 Nd7
9.Be3 h6 10.Re1 e5 11.Qd2 Qe7 12.a4 a5 13.Rad1 Nf8 14.Nb1 g5 15.Qc3 b6 16.Nh2 Ng6
17.Na3 O-O 18.Qb3 Rb8 19.c3 Be6 20.Qc2 Rfd8 21.Rd2 f5 22.f3 b5 23.Red1 Nf4
24.Bxf4 exf4 25.d4 bxa4 26.d5 cxd5 27.exd5 Bd7 28.Re2 Qf7 29.Nc4 Bb5 30.Ne5 Qc7
31.c4 Bxe5 32.cxb5 Re8 33.Kh1 Qd7 34.Qxa4 Bd4 35.Rxe8+ Qxe8 36.Qxa5 Qxb5
37.Qc7 Qxb2 38.d6 Qb7 39.Qa5 Qb6 40.Qa2+ Kg7 41.Qe6 Rf8 42.Rxd4 cxd4 43.Qe7+ Rf7
44.Qe5+ Kh7 45.Ng4 Qb1+ 46.Kh2 fxg4 47.hxg4 Qg6  0-1

[Event "36th Olympiad"]
[Site "Calvia ESP"]
[Date "2004.10.24"]
[Round "9"]
[White "Karim,I"]
[Black "Ribera Bazan,J"]
[Result "1-0"]
[WhiteElo "2228"]
[BlackElo "2147"]

1.e4 c5 2.Nf3 Nc6 3.Nc3 Nf6 4.Bb5 Qc7 5.O-O Nd4 6.Nxd4 cxd4 7.Nd5 Nxd5 8.exd5 Qc5
9.c4 a6 10.Ba4 Qxc4 11.Bb3 Qc5 12.d3 Qd6 13.Qf3 Qf6 14.Qe4 d6 15.Re1 g6 16.Bf4 Bf5
17.Qf3 O-O-O 18.Qg3 h6 19.h4 Kb8 20.Bc4 e5 21.dxe6 fxe6 22.b4 Be7 23.a4 g5
24.Bd2 gxh4 25.Qf3 d5 26.Bf4+ Bd6 27.Bxd6+ Rxd6 28.Qf4 Rd8 29.Bb3 Qg5 30.Qe5 Bxd3
31.Qxd4 Be4 32.Rxe4 dxe4 33.Qxe4 Rd4 34.Qf3 Rf4 35.Qh3 Qf6 36.Re1 Rxf2 37.Bxe6 Rdd2
38.Bd5 Qd4 39.Re8+ Ka7 40.Ra8+  1-0

[Event "36th Olympiad"]
[Site "Calvia ESP"]
[Date "2004.10.24"]
[Round "9"]
[White "Larrea,M"]
[Black "Saavedra,C"]
[Result "1/2-1/2"]
[WhiteElo "2279"]
[BlackElo "2319"]

1.e4 c5 2.Nc3 Nc6 3.Bb5 d6 4.Nf3 Bd7 5.O-O a6 6.Bxc6 bxc6 7.d4 cxd4 8.Qxd4 e6
9.Bg5 f6 10.Be3 d5 11.exd5 cxd5 12.Rfe1 Ne7 13.Rad1 Kf7 14.Qd3 Qb8 15.Bc5 Qb7
16.Nd4 Ng6 17.Nb3 Rc8 18.Na5 Qa8 19.Bxf8 Rhxf8 20.Ne4 Kg8 21.Nd6 Rc7 22.c4 dxc4
23.Ndxc4 Bb5 24.b3 Rc5 25.Qe3 Rg5 26.Qxe6+ Kh8 27.Qe4 Qc8 28.Re3 Rg4 29.Qd5 Rg5
30.Qe4 Rg4 31.Qd5 Rg5 32.Qe4  1/2-1/2

[Event "36th Olympiad"]
[Site "Calvia ESP"]
[Date "2004.10.24"]
[Round "9"]
[White "Sirias,D"]
[Black "Campos,E"]
[Result "1-0"]
[WhiteElo "2285"]
[BlackElo "2265"]

1.e4 c5 2.Nc3 Nc6 3.Bb5 Nd4 4.Nf3 Nxb5 5.Nxb5 a6 6.Nc3 d6 7.d4 cxd4 8.Qxd4 e6
9.Bg5 f6 10.Be3 Ne7 11.O-O-O Nc6 12.Qb6 Be7 13.Bc5 Qxb6 14.Bxb6 Nd8 15.Nd2 Bd7
16.Nc4 Nf7 17.Bc7 b5 18.Nxd6+ Nxd6 19.Bxd6 b4 20.Ne2 Bb5 21.Rhe1 Bxd6 22.Rxd6 Ke7
23.Rb6 Rhb8 24.Rxb8 Rxb8 25.Nd4 Bd7 26.Re3 Rc8 27.Kd2 Rc5 28.a3 e5 29.Nb3 Rb5
30.axb4 Rxb4 31.Kc3 Ra4 32.Nc5 Ra1 33.Nxd7 Kxd7 34.Rh3 Rg1 35.Rg3 g6 36.Kb4 Rb1
37.b3 Rb2 38.Rd3+ Ke6 39.Rd2 f5 40.f3 Ra2 41.Kc5 fxe4 42.fxe4 a5 43.Kb5 h5
44.h4 Ra3 45.Kc5 Ra2 46.Kb5 Ra3 47.Rd5 Ra2 48.Rc5 Kf6 49.Rc6+ Kf7 50.g3 Kg7
51.c3 Kf7 52.Ra6 Rf2 53.Rxa5 Rf3 54.Kc4 Rxg3 55.Rxe5  1-0

[Event "36th Olympiad"]
[Site "Calvia ESP"]
[Date "2004.10.24"]
[Round "9"]
[White "Roselli Mailhe,B"]
[Black "Cueto,J BOL"]
[Result "1-0"]
[WhiteElo "2405"]
[BlackElo "2306"]

1.e4 c5 2.Nc3 Nc6 3.Nge2 g6 4.d4 cxd4 5.Nxd4 Bg7 6.Nb3 d6 7.Be2 Be6 8.h4 h5
9.Bg5 a5 10.a4 Nf6 11.O-O O-O 12.Re1 Rc8 13.Bb5 Ne5 14.Nd4 Nc4 15.Bxc4 Rxc4
16.Qd3 Qc8 17.Nxe6 Qxe6 18.Nd5 Rc5 19.Rad1 Re8 20.c3 Nxd5 21.exd5 Qd7 22.Re4 Bf8
23.Be3 Rcc8 24.Bb6 Ra8 25.Rde1 e5 26.dxe6 fxe6 27.Qh3 Ra6 28.Rxe6 Rxe6 29.Rxe6 Kh7
30.Bd4 Ra8 31.Qe3 Qxa4 32.Re7+  1-0

[Event "36th Olympiad"]
[Site "Calvia ESP"]
[Date "2004.10.24"]
[Round "9"]
[White "Bakalarz,M"]
[Black "Krylov,Sergey"]
[Result "0-1"]
[WhiteElo "2389"]
[BlackElo "2407"]

1.e4 c5 2.Nf3 Nc6 3.Nc3 d6 4.d4 cxd4 5.Nxd4 Nf6 6.Be2 e5 7.Nf3 h6 8.O-O Be7
9.Re1 O-O 10.Bf1 a6 11.h3 Be6 12.Nd5 Bxd5 13.exd5 Nb8 14.a4 Nbd7 15.a5 Nh7
16.c4 f5 17.b4 Bf6 18.Ra3 Rc8 19.g4 e4 20.Nd4 Bxd4 21.Qxd4 Ne5 22.gxf5 Ng5
23.Kh1 Nef3 24.Qe3 Rxf5 25.Rd1 Qf6 26.Bg2 Qe5 27.Bxf3 Nxf3 28.Kg2 Rxc4 29.Kf1 Rc2
30.Bd2 Rg5 31.Ke2 Qxd5  0-1

[Event "36th Olympiad w"]
[Site "Calvia ESP"]
[Date "2004.10.25"]
[Round "10"]
[White "Kosintseva,N"]
[Black "Mohota,N"]
[Result "1-0"]
[WhiteElo "2446"]
[BlackElo "2286"]

1.e4 c5 2.Nc3 Nc6 3.Nf3 e5 4.Bc4 Be7 5.d3 d6 6.O-O Nf6 7.Ng5 O-O 8.f4 Bg4
9.Qe1 exf4 10.Bxf4 Nd4 11.Qd2 h6 12.Nf3 Bxf3 13.gxf3 Qd7 14.Be3 b5 15.Bxd4 bxc4
16.Bxf6 Bxf6 17.dxc4 Bd4+ 18.Kh1 f5 19.Nd5 Rae8 20.c3 Bf6 21.Qg2 fxe4 22.fxe4 Bg5
23.b3 Rxf1+ 24.Rxf1 Re5 25.Qf3 Qe8 26.Re1 Qc8 27.Rg1 Qe6 28.Rg4 h5 29.Rg2 Kh7
30.Qxh5+ Bh6 31.Qg4 Qf7 32.Qe2 Re8 33.Rg3 Re5 34.Kg2 Qe6 35.Qg4 Qf7 36.h4 Qe8
37.Kf3 a5 38.a4 Kh8 39.Rg2 Qb8 40.Ke2 Qf8 41.Rf2 Qe8 42.Kd3 Qb8 43.Qd7 Qe8
44.Qxd6 Kh7 45.Qc7 Qe6 46.Qf7 Qh3+ 47.Rf3 Qc8 48.h5 Bg5 49.Qg6+ Kh8 50.Rf5 Bh6
51.Qf7 Re8 52.e5 Qb8 53.e6 Rg8 54.e7  1-0

[Event "36th Olympiad"]
[Site "Calvia ESP"]
[Date "2004.10.25"]
[Round "10"]
[White "Ayyoubi,S"]
[Black "Gautam,A"]
[Result "1-0"]
[WhiteElo "2200"]
[BlackElo "1969"]

1.e4 c5 2.Nc3 Nc6 3.Nf3 d6 4.h3 Nf6 5.Bc4 a6 6.a4 e6 7.d4 cxd4 8.Nxd4 Qb6
9.Nxc6 bxc6 10.Bb3 Be7 11.Bg5 O-O 12.Bxf6 gxf6 13.Qh5 d5 14.O-O Ra7 15.a5 Qc7
16.f4 Bb4 17.e5 fxe5 18.fxe5 Bxc3 19.bxc3 Qe7 20.Rf6 Qc5+ 21.Kh1 Qxc3 22.Raf1 c5
23.R1f4 Rd8 24.Rxf7 Qe1+ 25.Kh2 Qe4 26.Qg5+  1-0

[Event "36th Olympiad"]
[Site "Calvia ESP"]
[Date "2004.10.25"]
[Round "10"]
[White "Berg,E"]
[Black "Sveshnikov,E"]
[Result "1/2-1/2"]
[WhiteElo "2529"]
[BlackElo "2512"]

1.e4 c5 2.Nc3 Nc6 3.Nge2 e5 4.Nd5 Nce7 5.Nec3 Nxd5 6.Nxd5 Nf6 7.Bc4 Be7 8.O-O O-O
9.d3 d6 10.Nxe7+ Qxe7 11.f4 exf4 12.Bxf4 Ng4 13.c3 Ne5 14.Bxe5 dxe5 15.Qb3 Be6
16.Bd5 Bxd5 17.exd5 Rad8 18.Rf3 Qd7 19.c4 Rde8 20.Re1 Re7 21.Qc3 Rfe8 22.Rfe3 Qd6
23.a3 f5  1/2-1/2

[Event "36th Olympiad"]
[Site "Calvia ESP"]
[Date "2004.10.26"]
[Round "11"]
[White "Ramirez,Al"]
[Black "Gillani,T"]
[Result "0-1"]
[WhiteElo "2519"]
[BlackElo "2277"]

1.e4 c5 2.Nc3 Nc6 3.Bb5 g6 4.Bxc6 dxc6 5.f4 Bg7 6.Nf3 Nf6 7.O-O O-O 8.d3 b6
9.Qe1 Qc7 10.Qh4 Bg4 11.e5 Bxf3 12.Rxf3 Nd5 13.Ne4 Qd7 14.Bd2 f6 15.Rh3 h6
16.Re1 f5 17.Nf2 e6 18.Nd1 Rad8 19.Ne3 b5 20.Qf2 Rf7 21.Rg3 Kh7 22.b3 Bf8
23.Ra1 Be7 24.Rh3 Kg7 25.a4 b4 26.Nc4 Rg8 27.a5 a6 28.Re1 Qd8 29.Be3 Nxe3
30.Rhxe3 Qd4 31.Kf1 Rff8 32.Qf3 Qd5 33.Nb6 Qxf3+ 34.Rxf3 Rd8 35.Ke2 Rd4 36.Rg1 g5
37.g4 fxg4 38.Rxg4 Rf8 39.Ke3 Kh7 40.Nc4 h5 41.Rg2 Rfxf4 42.Nd2 Kg6 43.Rgf2 Kf5
44.Ne4 Kxe5 45.Rxf4 gxf4+ 46.Kf3 c4 47.Ke2 cxb3 48.cxb3 Rd5 49.Nd2 Kf5 50.Nc4 Bc5
51.Rf3 e5 52.Rh3 Kg4 53.Rf3 Bd4 54.Rf1 Rd8 55.Nd2 Kf5 56.Ne4 Be3 57.Rd1 Rd5
58.Ra1 Bd4 59.Rc1 c5 60.h3 Be3 61.Rc2 Rd8 62.Ra2 Rg8 63.Kf3 Rg1 64.Rg2 Rxg2
65.Kxg2 Ke6 66.Kf3 Kd5 67.h4 Kd4 68.Ke2 f3+ 69.Kxf3 Kxd3 70.Nf6 Bd2 71.Ne4 Be3
72.Nf6  0-1

[Event "36th Olympiad w"]
[Site "Calvia ESP"]
[Date "2004.10.26"]
[Round "11"]
[White "Berend,E"]
[Black "Nekrasova,E"]
[Result "1-0"]
[WhiteElo "2307"]
[BlackElo "2107"]

1.e4 c5 2.Nf3 Nc6 3.Nc3 e6 4.Bb5 Nge7 5.O-O a6 6.Bxc6 Nxc6 7.d4 cxd4 8.Nxd4 d6
9.Re1 Be7 10.Nxc6 bxc6 11.Qg4 Bf6 12.e5 dxe5 13.Ne4 O-O 14.Bh6 Kh8 15.Rad1 Qe7
16.Be3 Rg8 17.Bc5 Qe8 18.Nd6 Qf8 19.Qh5 g6 20.Qf3 Be7 21.Qxc6 Rb8 22.b4 Qg7
23.Qc7 Bxd6 24.Qxd6 Bb7 25.Rxe5 Bd5 26.Rexd5  1-0

[Event "36th Olympiad"]
[Site "Calvia ESP"]
[Date "2004.10.26"]
[Round "11"]
[White "Solak,D"]
[Black "Cheparinov,I"]
[Result "1/2-1/2"]
[WhiteElo "2563"]
[BlackElo "2576"]

1.e4 c5 2.Nc3 Nc6 3.Bb5 Nd4 4.Bc4 e6 5.Nf3 Nf6 6.O-O a6 7.d3 b5 8.Bb3 Nxb3
9.axb3 Bb7 10.e5 Ng4 11.Re1 d6 12.Bf4 dxe5 13.Nxe5 Nf6 14.Qe2 Be7 15.Ne4 O-O
16.Bg3 Nd5 17.f4 Re8 18.c4 Nb4 19.Rad1 Nc6 20.Qh5 Nxe5 21.Qxe5 Rc8 22.Bf2 Qc7
23.Rc1 Qxe5 24.fxe5 Red8 25.cxb5 Bxe4 26.dxe4 axb5 27.Red1 Rxd1+ 28.Rxd1 c4
29.Rc1 Bg5 30.Rc2 Rd8 31.g3 Rd2 32.Rxd2 Bxd2 33.bxc4 bxc4 34.Kf1 c3 35.bxc3 Bxc3
36.g4 Bxe5 37.h3 Kf8 38.Ke2 Ke7 39.Be1 Kd6 40.Kd3 Kc5 41.Bd2 Kb5 42.Bc1 Kb4
43.Bd2+ Kc5 44.Be1 Kd6 45.Bb4+ Kd7 46.Ba3 Ke8 47.Bb4 Ba1 48.Ba3 Bf6 49.Bb4 Be7
50.Bc3 Bf6 51.Bb4 Bb2 52.Bc5 f6 53.Ke3 Bc1+ 54.Kf3 Kd7 55.Ke2 Bf4 56.Kd3 Bd6
57.Be3 Ke7 58.Ke2 Bb4 59.Bf4 Bc5 60.Bg3 Bd4 61.Kd3 e5 62.Be1 Kd6 63.Bb4+ Bc5
64.Bc3 Ba3 65.Kc4 Ke6 66.Kd3 Bc1 67.Be1 Bf4 68.Bb4 Kf7 69.Ke2 Kg6 70.Kf3 Bc1
71.Be1 Kg5 72.h4+ Kg6 73.h5+ Kg5 74.Bb4 Kh4 75.Bf8  1/2-1/2

[Event "36th Olympiad"]
[Site "Calvia ESP"]
[Date "2004.10.26"]
[Round "11"]
[White "Press,S"]
[Black "Fulton,AJ"]
[Result "1-0"]
[WhiteElo "2070"]
[BlackElo "2203"]

1.e4 c5 2.Nf3 Nc6 3.Nc3 e5 4.Bc4 d6 5.d3 Bg4 6.h3 Bh5 7.Nxe5 Nxe5 8.Qxh5 Nxc4
9.dxc4 Nf6 10.Qf3 Be7 11.O-O O-O 12.Bf4 Qb6 13.b3 Rfe8 14.Rad1 Rad8 15.Rd3 Bf8
16.Bg5 Nd7 17.Bxd8 Qxd8 18.Qg3 Ne5 19.Rd5 Re6 20.Rfd1 a6 21.Rxe5  1-0

[Event "36th Olympiad"]
[Site "Calvia ESP"]
[Date "2004.10.26"]
[Round "11"]
[White "Johansen,D"]
[Black "Schandorff,L"]
[Result "1/2-1/2"]
[WhiteElo "2483"]
[BlackElo "2510"]

1.e4 c5 2.Nc3 Nc6 3.Nge2 Nf6 4.g3 g6 5.d4 cxd4 6.Nxd4 Bg7 7.Nde2 O-O 8.Bg2 Rb8
9.a4 a6 10.O-O b5 11.axb5 axb5 12.Bg5 h6 13.Bf4 d6 14.Nd5 Ng4 15.h3 Nge5
16.Bc1 e6 17.Ne3 Nc4 18.c3 Qc7 19.Rb1 Kh7 20.b3 Nxe3 21.Bxe3  1/2-1/2

[Event "36th Olympiad"]
[Site "Calvia ESP"]
[Date "2004.10.26"]
[Round "11"]
[White "Cubas,Jo"]
[Black "Nedev,T"]
[Result "0-1"]
[WhiteElo "2376"]
[BlackElo "2528"]

1.e4 c5 2.Nf3 Nc6 3.Nc3 Nf6 4.Bb5 g6 5.e5 Ng4 6.Bxc6 dxc6 7.h3 Nh6 8.g4 Bg7
9.d3 O-O 10.Qe2 f6 11.Bf4 Nxg4 12.hxg4 fxe5 13.Bxe5 Bxg4 14.Rxh7 Bxe5 15.Rh6 Bg7
16.Rxg6 Bxf3 17.Qe6+ Rf7 18.Rxg7+ Kxg7 19.Kd2 Qd6 20.Rg1+ Kf8 21.Qh3 Qf4+  0-1

[Event "36th Olympiad"]
[Site "Calvia ESP"]
[Date "2004.10.27"]
[Round "12"]
[White "Ahmed,SN"]
[Black "Nguyen Van Huy"]
[Result "1/2-1/2"]
[WhiteElo "2359"]
[BlackElo "2325"]

1.e4 c5 2.Nf3 Nc6 3.Nc3 g6 4.d4 cxd4 5.Nxd4 Bg7 6.Nde2 d6 7.g3 b6 8.Bg2 Bb7
9.O-O Nf6 10.Nd5 O-O 11.c3 Nd7 12.Bg5 h6 13.Be3 Nce5 14.Bd4 e6 15.Ne3 Nf6
16.f4 Nxe4 17.c4 Nd7 18.Bxg7 Kxg7 19.Bxe4 Bxe4 20.Qxd6 Nc5 21.Rfd1 Qf6 22.Qd4 Rfd8
23.Qxf6+ Kxf6 24.Nc3 Bf3 25.Rf1 Bb7 26.Rad1 h5 27.b3 Ke7 28.Rxd8 Rxd8 29.Rd1 Rxd1+
30.Nexd1 e5 31.fxe5 Ke6 32.Nb5 a6 33.Nd6 Bf3 34.Nc3 Nd7 35.a3 Nxe5 36.Nc8 Nd7
37.Na4 Bd1 38.Ncxb6 Nxb6 39.Nxb6 Bxb3 40.c5 Ke5 41.Kf2 Be6 42.Ke3 g5 43.Kd3 f5
44.Ke3 f4+ 45.gxf4+ gxf4+ 46.Kf2 a5 47.h4 Kd4 48.c6 Kc5 49.Na4+ Kxc6 50.Kf3 Kd5
51.Kxf4 Kc4 52.Ke5 Bg4 53.Nb6+ Kb5 54.Nd5 Ka4 55.Ne3 Bf3 56.Kd4 Kxa3 57.Kc3 Ka2
58.Nc4 a4 59.Kb4  1/2-1/2

[Event "36th Olympiad"]
[Site "Calvia ESP"]
[Date "2004.10.27"]
[Round "12"]
[White "Iuldachev,S"]
[Black "Solomon,SJ"]
[Result "1-0"]
[WhiteElo "2550"]
[BlackElo "2435"]

1.e4 c5 2.Nc3 Nc6 3.Bb5 Nd4 4.Bc4 g6 5.Nf3 Bg7 6.Nxd4 cxd4 7.Qf3 e6 8.Nb5 Qb6
9.Qf4 Ke7 10.b3 f6 11.Nc7 Qc5 12.Nxa8 b5 13.a4 bxc4 14.Ba3 Qxa3 15.Rxa3 Bb7
16.Qb8 Bxe4 17.Qxa7 Nh6 18.Nb6 Rd8 19.O-O cxb3 20.Rxb3 Bxc2 21.Nxd7  1-0

[Event "36th Olympiad"]
[Site "Calvia ESP"]
[Date "2004.10.27"]
[Round "12"]
[White "Georgiev,Vl"]
[Black "Tiviakov,S"]
[Result "1-0"]
[WhiteElo "2512"]
[BlackElo "2617"]

1.e4 c5 2.Nf3 Nc6 3.Nc3 g6 4.d4 cxd4 5.Nxd4 Bg7 6.Nde2 Nf6 7.g3 b5 8.Bg2 Rb8
9.O-O b4 10.Nd5 d6 11.a3 a5 12.axb4 axb4 13.Ra2 O-O 14.b3 Nd7 15.Bg5 Nc5
16.Qd2 Ba6 17.Re1 Re8 18.Be3 Bxe2 19.Rxe2 e6 20.Bg5 f6 21.Be3 Kh8 22.Nf4 Qc7
23.Re1 Ne5 24.Rd1 Rb6 25.Rda1 Qc6 26.Qe2 Rbb8 27.Bd4 Qc8 28.h4 Nc6 29.Be3 e5
30.Nd5 Ne6 31.Qd2 Ned4 32.Bxd4 exd4 33.Ra6 Ne5 34.Ra7 Rb7 35.Rxb7 Qxb7 36.Qxb4 Qxb4
37.Nxb4 f5 38.exf5 gxf5 39.f4 Ng4 40.Ra8 Rxa8 41.Bxa8 Ne3 42.Kf2 Bf6 43.Nd5 Nxd5
44.Bxd5 d3 45.cxd3 Bd4+ 46.Kf3 Kg7 47.b4 Kf6 48.b5 h6 49.h5 Bb6 50.Bb7 Ke6
51.Bc8+ Kf6 52.g4 fxg4+ 53.Ke4 g3 54.Bh3 Ke7 55.Kd5 Be3 56.f5 Bc5 57.Kc6 Be3
58.b6 Bf4 59.f6+ Kxf6 60.Kd5 Be3 61.d4  1-0

[Event "36th Olympiad"]
[Site "Calvia ESP"]
[Date "2004.10.27"]
[Round "12"]
[White "Hamperl,F"]
[Black "Mutabazi,F"]
[Result "1-0"]
[WhiteElo "1961"]
[BlackElo "2200"]

1.e4 c5 2.Nc3 Nc6 3.Bb5 a6 4.Bxc6 dxc6 5.f4 Nf6 6.Nf3 Bg4 7.d3 Bxf3 8.Qxf3 e6
9.O-O Be7 10.Be3 O-O 11.Rf2 Qb6 12.Na4 Qa5 13.b3 Rad8 14.Raf1 Nd7 15.Bd2 Qc7
16.Bc3 b5 17.Nb2 Bf6 18.Bxf6 Nxf6 19.f5 Qe5 20.Nd1 Rd6 21.Ne3 Rd7 22.g4 exf5
23.Nxf5 c4 24.Nxg7 cxb3 25.axb3 Kxg7 26.Qxf6+ Qxf6 27.Rxf6 Rc7 28.g5 Re8
29.Ra1 Ra8 30.Kf2 a5 31.Ke3 a4 32.bxa4 Rxa4 33.Rxa4 bxa4 34.Rf1 Kg6 35.Ra1 Ra7
36.Kf4 Ra5 37.Ra3 Ra6 38.d4 Kg7 39.c4 Kf8 40.Ke5 Ke7 41.h4 Ra5+ 42.d5 c5
43.d6+ Kf8 44.Kd5 Ke8 45.Kc6 Kd8 46.e5 Kc8 47.Kb6 Ra8 48.Kxc5 Kd7 49.Kb5 Ke6
50.Rxa4 Rb8+ 51.Kc6 Rc8+ 52.Kb7 Rc5 53.Kb6 Rxe5 54.c5 Rd5 55.Rf4 f5 56.gxf6  1-0

[Event "36th Olympiad"]
[Site "Calvia ESP"]
[Date "2004.10.27"]
[Round "12"]
[White "Mitkov,N"]
[Black "Van Wely,L"]
[Result "1/2-1/2"]
[WhiteElo "2539"]
[BlackElo "2681"]

1.e4 c5 2.Nc3 Nc6 3.Nf3 Nf6 4.Bb5 Qc7 5.O-O Nd4 6.d3 a6 7.Bc4 e6 8.Nxd4 cxd4
9.Ne2 Nxe4 10.Bxe6 dxe6 11.dxe4 Bd6 12.h3 e5 13.c3 Qc6 14.Qd3 dxc3 15.Nxc3 Be6
16.Rd1 O-O-O 17.Be3 Qc4 18.Nd5 Qxd3 19.Rxd3 Bxd5 20.Rxd5 Bc7 21.Rad1 Rxd5
22.Rxd5 Rd8 23.Rxd8+ Kxd8  1/2-1/2

[Event "36th Olympiad"]
[Site "Calvia ESP"]
[Date "2004.10.28"]
[Round "13"]
[White "Simmons,Mat"]
[Black "Hosiah,O"]
[Result "0-1"]
[WhiteElo "2065"]
[BlackElo "2124"]

1.e4 c5 2.Nc3 Nc6 3.Bb5 a6 4.Bxc6 dxc6 5.d3 g6 6.Be3 b6 7.Nge2 Bg7 8.Qd2 Nf6
9.f3 Qd6 10.O-O-O e5 11.g4 Be6 12.h3 Nd7 13.Ng3 O-O-O 14.Qf2 Qe7 15.h4 h5
16.gxh5 gxh5 17.Kb1 Kb7 18.Bg5 Bf6 19.f4 Bg4 20.Rde1 exf4 21.Qxf4 Bxg5 22.hxg5 Rdg8
23.Rhf1 Qxg5 24.Qxg5 Rxg5 25.Rxf7 Be6 26.Re7 Rxg3 27.Rxe6 h4 28.Ne2 Re3 29.Rg6 h3
30.Rgg1 Ne5 31.Ng3 h2  0-1

[Event "36th Olympiad"]
[Site "Calvia ESP"]
[Date "2004.10.28"]
[Round "13"]
[White "Ramirez,Al"]
[Black "Williams,Lei"]
[Result "1-0"]
[WhiteElo "2519"]
[BlackElo "2355"]

1.e4 c5 2.Nc3 Nc6 3.Bb5 d6 4.Bxc6+ bxc6 5.f4 g6 6.Nf3 Bg7 7.O-O c4 8.d4 d5
9.Ne5 Bb7 10.f5 Nf6 11.fxg6 fxg6 12.exd5 cxd5 13.Bg5 O-O 14.Qd2 Qc7 15.Bh6 e6
16.Bxg7 Qxg7 17.Rae1 Rae8 18.Rf3 Nd7 19.Rfe3 Rf5 20.Nb5 Nxe5 21.dxe5 Rf4
22.Nd4 Bc8 23.Rf3 Rxf3 24.Nxf3 Rf8 25.Qd4 g5 26.Rf1 g4 27.Nd2 Rxf1+ 28.Nxf1 Qg5
29.c3 a6 30.Qc5 Bd7 31.Qd6 Qg7 32.Ng3 Qf7 33.Ne2 a5 34.Qb8+ Kg7 35.Qa7 a4
36.Qf2 Qg6 37.Qf4 Be8 38.Kf2 Bf7 39.Kg3 Qd3+ 40.Kf2 Qg6 41.Nd4 h5 42.Kg3 Qh6
43.Qxh6+ Kxh6 44.Kf4 Kg6 45.g3 Kh6 46.Nb5 Bg8 47.Nd6 Bh7 48.a3 Bc2 49.Nb7 Kg6
50.Nc5  1-0